| 000 | 00556nam a2200193 a 4500 | ||
|---|---|---|---|
| 001 | 657 | ||
| 003 | CO-ViMGA | ||
| 008 | 141112s2004 ck r 000 u spa d | ||
| 040 |
_aCO-ViMGA _bspa _cCO-ViMGA |
||
| 082 | 0 | 4 | _aCh 861.44 N378v |
| 100 | 1 | _aNeruda, Pablo | |
| 245 | 1 | 0 | _aVeinte poemas de amor y una canción desesperada |
| 260 |
_aSantafé de Bogotá : _bNorma, _c1997 |
||
| 300 | _a52, 121 p | ||
| 490 | _aCara y cruz | ||
| 500 | _aEncuadernado con A propósito de Pablo Neruda y su obra. | ||
| 650 | 1 | 4 |
_aPOESIA CHILENA _93648 |
| 942 |
_2ddc _cBK |
||
| 999 |
_c12896 _d12896 |
||